00650cam a22002173a 45000010005000000030006000050050017000110080041000280400015000690420007000840500007000911000048000982450060001462600029002065060030002355160020002656530055002856530023003408300028003638560041003917177PGUSA20140828083141.0041201s2004||||xxu|||||s|||||000 | eng d aPGUSAbeng adc 4aDU1 aBanfield, E. J.q(Edmund James),d1852-192310aMy Tropic Isleh[electronic resource] /cE. J. Banfield bProject Gutenberg,c2004 aPublic domain in the USA. aElectronic text aNatural history -- Australia -- Dunk Island (Qld.) aDunk Island (Qld.) 0aProject Gutenbergv717740uhttp://www.gutenberg.org/ebooks/7177